000 00569nam a2200181 a 4500
005 20231024063610.0
008 991125s1982 mx 000 0 spa u
035 _aUPN01000000812
049 _aCG
050 4 _aLC5255 A44
_bP53
100 1 _aPicón Espinoza, César
_929857
245 1 0 _aAdministración de la educación de adultos :
_bcuatro experiencias /
_cCésar Picón Espinoza.
260 _aPátzcuaro, Mich. :
_bCREFAL,
_c1982.
300 _a381 p.
440 0 _aRetablo de papel ;
_v4
650 4 _aEducación de adultos
_zAmérica Latina
_913359
905 _aLibro
999 _c812
_d812